Padesát let od založení Římskeho klubu

Aurelio Peccei - taliansky ekonóm a zakladateľ Rímskeho klubu. Ciele a prvé roky činnosti Rímskeho klubu popísané v publikácii Ľudská kvalita. Správy Rímskeho klubu. Dynamický model World 1 zameraný na dôsledky nárastu populácie, spotreby neobnoviteľných zdrojov a znečistenia životného prostredia. N...

Descrizione completa

Salvato in:
Dettagli Bibliografici
Autore principale: Nováček, Pavel
Natura: Capitolo di libro
Lingua:ceco
Soggetti:
Tags: Aggiungi Tag
Nessun Tag, puoi essere il primo ad aggiungerne!!

MARC

LEADER 00000naa a2200000 4500
001 0248950
005 20181116092330.3
041 0 |a cze 
044 |a SK 
245 1 0 |a Padesát let od založení Římskeho klubu  |c Pavel Nováček 
520 |a Aurelio Peccei - taliansky ekonóm a zakladateľ Rímskeho klubu. Ciele a prvé roky činnosti Rímskeho klubu popísané v publikácii Ľudská kvalita. Správy Rímskeho klubu. Dynamický model World 1 zameraný na dôsledky nárastu populácie, spotreby neobnoviteľných zdrojov a znečistenia životného prostredia. Nulový rast svetového hospodárstva ako možné riešenie. Štúdia Prekročené hranice. Ďalšie správy Rímskeho klubu. Správa Modrá ekonomika. Rímsky klub v Českej a Slovenskej republike. 
610 2 0 |a organizácie medzinárodné 
610 2 0 |a prostredie životné 
610 2 0 |a rozvoj trvalo udržateľný 
610 2 0 |a zdroje prírodné 
610 2 0 |a ekonomika modrá 
100 1 |a Nováček, Pavel